| 000 | 01000nam a2200301 4500 | ||
|---|---|---|---|
| 001 | 13961 | ||
| 003 | BD-RjUL | ||
| 005 | 20211208235538.0 | ||
| 008 | 140203t1956 ohu 001 0 eng c | ||
| 035 | _a(OCoLC)ocm00560287 | ||
| 035 | _a(BD-RjUL)14013 | ||
| 040 |
_aCSU _cCSU _dZCU _dBD-RjUL _beng |
||
| 041 | _aeng | ||
| 082 | 0 | 0 |
_a651 _216 _bBEE 1956 |
| 090 |
_aHF5547 _b.B37 1956 |
||
| 100 | 1 |
_aBeamer, Esther Kihn. _942162 |
|
| 245 | 1 | 0 |
_aEffective secretarial practices : _ba collegiate textbook for the training of secretaries / _ca handbook for practicing secretaries, by Esther Kihn Beamer, J. Marshall Hanna [and] Estelle L. Popham. |
| 250 | _a3rd ed. | ||
| 260 |
_aCincinnati : _bSouth-western Pub. Co., _cc1956. |
||
| 300 |
_a666 p. : _billus. ; _c24cm. |
||
| 504 | _aincludes index. | ||
| 650 | 0 |
_aOffice practice. _943640 |
|
| 700 | 1 |
_aHanna, J Marshall _942164 |
|
| 700 | 1 |
_aPopham, Estelle L. _942165 |
|
| 942 |
_2ddc _cBK |
||
| 999 |
_c13961 _d13961 |
||